| 000 | 02632cam a22003738a 4500 | ||
|---|---|---|---|
| 001 | 768469762 | ||
| 003 | OCoLC | ||
| 005 | 20210408063713.0 | ||
| 008 | 111212s2013 pau b 001 0 eng | ||
| 010 | _a 2011051080 | ||
| 016 | 7 |
_a101574389 _2DNLM |
|
| 020 | _a9780781784955 | ||
| 020 | _a0781784956 | ||
| 035 | _a(OCoLC)768469762 | ||
| 040 |
_aDNLM/DLC _beng _cDLC _dNLM |
||
| 042 | _apcc | ||
| 049 | _aYYEA | ||
| 080 |
_a617 _bE-80 |
||
| 096 | _aWO 100 E783 2013 | ||
| 100 |
_9104 _aLawrence, F. Peter _eEditor |
||
| 245 | 0 | 0 |
_aEssentials of general surgery / _c[edited by] Peter F. Lawrence. |
| 250 | _a5th ed. | ||
| 260 |
_aPhiladelphia, PA : _bWolters Kluwer Health/Lippincott Williams & Wilkins, _cc2013. |
||
| 300 |
_axx, 586 p. : _b ill. (some col.) ; _c 28 cm. |
||
| 365 | _b19.02 usd | ||
| 504 | _aIncludes bibliographical references and index. | ||
| 505 | 0 | _aPerioperative management of surgical patients / Virginia A. Eddy ... [et al.] -- Fluids, electrolytes, and acid/base balance / David Antonenko ... [et al.] -- Nutrition / Bruce V. MacFadyen Jr. ... [et al.] -- Surgical bleeding : bleeding disorders, hypercoagulable states, and replacement therapy in the surgical patient / Hollis W. Merrick III ... [et al.] -- Shock : cell metabolic failure in critical illness / Kenneth W. Burchard ... [et al.] -- Surgical critical care / Samuel A. Tisherman ... [et al.] -- Wounds and wound healing / Glenn E. Talboy Jr., Annesley W. Copeland, Gregory J. Gallina -- Surgical infections / R. Neal Garrison ... [et al.] -- Trauma / Matthew O. Dolich ... [et al.] -- Burns / Jeffrey R. Saffle ... [et al.] -- Abdominal wall, including hernia / Leigh Neumayer ... [et al.] -- Esophagus / Carlos Li -- Stomach and duodenum / John Paige ... [et al.] -- Small intestine and appendix / John D. Mellinger ... [et al.] -- Colon, rectum, and anus / Merril T. Dayton -- Biliary tract -- O. Joe Hines ... [et al.] -- Pancreas / Steven B. Goldin ... [et al.] -- Liver / William C. Chapman ... [et al.] -- Breast / Gary L. Dunnington .. [et al.] -- Surgical endocrinology / Nicholas P.W. Coe ... [et al.] -- Spleen / James C. Hebert ... [et al.] -- Diseases of the vascular system / James F. McKinsey ... [et al.] -- Transplantation / Hilary Sanfey ... [et al.] -- Surgical oncology : malignant diseases of the skin, the lymphatics, and soft tissue / Scott Lind, Chris de Gara, James Warneke. | |
| 590 | _ac.1 10063924 Ritt 11/9/12 $65.00. | ||
| 650 | 2 | _aSurgical Procedures, Operative. | |
| 653 | _aქირურგია | ||
| 700 | 1 | _aLawrence, Peter F. | |
| 700 |
_aBell, M. Richard _9105 |
||
| 942 |
_2udc _cBK _e5 |
||
| 999 |
_c26 _d26 |
||